000 00587nam a22002177a 4500
003 OSt
005 20160607192651.0
008 160607b xxu||||| |||| 00| 0 eng d
020 _a9780126730500
020 _a0126730504
040 _cDNLM
082 _aWC500 S82s 2002
100 _aStauss, James H.; Strauss, Ellen G.
_99264
245 _aViruses and Human Disease
260 _aSan Diego; Academic Press, 2002
300 _avii,383p; col.ill: 29cm
504 _aReferences, & index included
650 _aViruses
_9746
650 _aHuman diseases
_99265
942 _2z
_cO_SHELF
999 _c4290
_d4290